00650nam a2200193 a 450000500170000000800410001704000250005804100080008308200180009110000170010924501050012626000450023130000320027665000250030865000360033365000230036965000440039270000200043620200104041535.0140306b1999 -Uk||||| |||| 00| 0 eng d aCO-BoIAVHcCO-BoIAVH aeng a333.7071bH51 aFolmer, Henk aInternational yearbook of environmental and resource economics 1999/2000ba survey of current issues aCheltenhambEdwar Elgar Publishingc1999 a326 páginas.c23 x 16 cm. aPolítica ambiental aProtección del medio ambiente aCambio climático aEvaluación de políticas ambientales aTietenberg, Tom